Statistiques concernant Cliquer pour compléter le titre du film #1

Cliquez ici pour prendre le quiz!

Statistiques générales

  • Ce quiz a été pris 671 fois
  • Le résultat moyen est 20 sur 24

Statistiques - réponses

HintRéponse% Correct
JurassicPark
97%
ForrestGump
96%
ToyStory
96%
FightClub
94%
SuicideSquad
93%
L'armeFatale
92%
PeauD'Ane
91%
TaxiDriver
91%
PulpFiction
91%
ScaryMovie
91%
MadameBovary
87%
DestinationFinale
87%
JeuxInterdits
83%
BladeRunner
83%
ApocalypseNow
80%
DieHard
77%
IllusionsPerdues
76%
OrangeMécanique
74%
DjangoUnchained
73%
RaidDingue
65%
AmericanBeauty
64%
CitizenKane
61%
TchaoPantin
60%
ModernTimes
52%

Distribution des résultats

Percentile par nombre de réponses

% des personnes avec chaque résultat

Votre développement - résultats

Vous n’avez pas pris ce quiz